| 000 | 00412cam a2200157ua 4500 | ||
|---|---|---|---|
| 020 | _a81-219-0515-X | ||
| 082 |
_a621.3 _bTHE/TE |
||
| 100 | _aTheraja, B L . | ||
| 245 | _aText book of electrical technology, Vol 3 / | ||
| 250 | _a21 / | ||
| 260 |
_aNew Delhi : _bNirja Construction and development co pvt ltd , _c1995. |
||
| 300 | _a138 ; . | ||
| 500 | _a*CSS | ||
| 700 | 1 | _aTheraja, A K . | |
| 942 | _cBK | ||
| 999 |
_c10350 _d10350 |
||